000 00902nam a2200265 a 4500
001 13268
003 BD-JhCC
005 20230808082052.0
008 230726s 2021bg a|||| ||a| 000 0 ben d
035 _a(BD-JhCC)13268
040 _aBD-JhCC
_dBD-JhCC
041 _aben
082 _a398.20956
_bBIL 2021
100 _aবিল্লাহ, মোছতানছের
245 _aএকদিন বিকেলে /
_cমোছতানছের বিল্লাহ, সম্পা: মাসুম খান জাহান।
260 _aঢাকা :
_bচড়ুই পাবলিকেশন;
_c2021.
300 _a24 p. :
_c17 cm.
490 _aLevel-1
504 _aIncludes Bibliography.
650 _aJuvenile Literature
650 _aIslamic story
700 _aজাহান, মাসুম খান
700 _aRafique, Abu Tasmiya Ahmed
942 _2ddc
_cBK
999 _c13268
_d13268